WCCM. VII : 7th World Congress on Computational Mechanics. Los Angeles, USA, 16.-22.7.2006
Saved in:
| Corporate Author: | |
|---|---|
| Format: | Conference Proceeding Book |
| Language: | English |
| Published: |
Omnipress,
2006
|
| Subjects: | |
| Tags: |
No Tags, Be the first to tag this record!
|
MARC
| LEADER | 00000nam a22000003a 4500 | ||
|---|---|---|---|
| 001 | stu127184 | ||
| 005 | 20141122153439.7 | ||
| 008 | 060929s2006----xxu-----------------eng-d | ||
| 040 | |a STU |b slo | ||
| 041 | 0 | |a eng | |
| 044 | |a xxu | ||
| 080 | |a 519.6 | ||
| 080 | |a 061.3(08) | ||
| 080 | |a 531/534 |7 stu_us_auth*stu7969 | ||
| 111 | 2 | |a World Congress on Computational Mechanics |n (7th : |d July 16-22, 2006 : |c Los Angeles, California, USA) | |
| 245 | |a WCCM. VII : |b 7th World Congress on Computational Mechanics. Los Angeles, USA, 16.-22.7.2006 | ||
| 260 | |b Omnipress, |c 2006 | ||
| 300 | |a 190 s | ||
| 650 | 7 | |a počítačová mechanika |2 stusub | |
| 996 | |b 284M074111 |c M*CD-881 |l MMKN |s A |a 24 |w stu127184_0001 | ||
| 996 | |b 284M074110 |c M*Z-2879 |l MMKN |s A |a 24 |w stu127184_0002 | ||